000 00915 a2200253 4500
005 20140903175123.0
008 140606s2014 ck ||||fr|||| 00| 0 spa d
020 _a9789587671261
040 _aCO-BoUCM
_bspa
_cJose A. Gerena
_dJose A. Gerena
041 0 _aspa
100 1 _aLizarazu Montoya, Rodolfo
_962285
245 _aManual de propiedad industrial
_cRodolfo Lizarazu Montoya,
260 _c2014
_bLegis
_aBogotá (Colombia)
300 _axxvi, 407 páginas
504 _aIncluye referencias bibliográficas
650 7 _912717
_aDerecho comercial
650 7 _913392
_aDiseño industrial
_xLegislación
650 7 _918980
_aMarcas de fábrica
_xLegislación
650 7 _918983
_aMarcas y patentes
_xLegislación
650 7 _97983
_aPropiedad industrial
_xLegislación
690 _942767
_aDerecho comercial
942 _a8
_cLIBRO
_e1
_mL789
_2DEWEY
_h346.048
999 _c255278
_d255278